00911nam a2200217 a 450000100100000000500170001000800410002702000180006804000250008610000290011124501020014026000850024230000280032749000150035550000730037050000730044350400310051683000240054795201050057199900170067600004396420201002045052.0140512s2010 sp ac 000 0 spa d a9788481634846 aDO-SdBNPbspacBNPHU1 aJuliá, Mercedes97191110aDe la nueva luz :ben torno a la poesía última de Juan Ramón Jiménez /cMercedes Juliá. a[Huelva] :bDiputación Provincial de Huelva, Servicio de Publicaciones,c2010. a316 p. :bil. ;c22 cm.1 aEnebrov20 aIncluye referencias bibliográficas y notas al pie de las páginas aIncluye datos biográficos de la autora en la solapa de la cubierta aBibliografía: p. 299-316 0aEnebro ;n20971912 001050718MOaGRbGRcCTd2014-05-12iLF1l0o p43964-10r2020-06-25w2020-06-25y1ZNo se presta c43453d43453